Társadalombiztosítási járulékok és követelések beszedése
Elmentve itt :
| Szerző: | |
|---|---|
| További közreműködők: | |
| Dokumentumtípus: | Szakdolgozat |
| Megjelent: |
1996
|
| Tárgyszavak: | |
| Online Access: | http://diploma.bibl.u-szeged.hu/23701 |
| LEADER | 00566nta a2200157 i 4500 | ||
|---|---|---|---|
| 001 | dipl23701 | ||
| 005 | 20130314082202.0 | ||
| 008 | 110902s1996 hu om 0|| zxx d | ||
| 040 | |a SZTE Diploma Repozitórium |b hun | ||
| 041 | |a zxx | ||
| 100 | 1 | |a Bene Győző | |
| 245 | 1 | 0 | |a Társadalombiztosítási járulékok és követelések beszedése |h [elektronikus dokumentum] / |c Győző Bene |
| 260 | |c 1996 | ||
| 650 | 4 | |a Jogi és igazgatási tanulmányok | |
| 700 | 1 | |a Horváth Pál |e ths | |
| 856 | 4 | 0 | |u http://diploma.bibl.u-szeged.hu/id/eprint/23701/1/1996_bene_gyozo.pdf |z Dokumentum-elérés |